000 01061nam a22002057a 4500
999 _c63512
_d63512
003 Ge_BSU
005 20251021162842.0
008 251021s2002 ge ||||| |||| 00| 0 geo d
020 _a999282199X
041 _ageo
080 _a339.923:061.1(4)(031) ლ-75
100 _aლიჩი, როდნი
_926094
245 _aევროპა :
_bევროკავშირის მოკლე ენციკლოპედია /
_cროდნი ლიჩი; [მთარგმნ.: რამაზან აბდულაევი; სარედ. საბჭო: შადიმან ხელაძე და სხვ.].
264 _aთბ. :
_bჯისიაი,
_c2002.
300 _a413გვ. ;
_b 20სმ.
653 _aევროკავშირის ენციკლოპედია
700 _aაბდულაევი, რამაზან
_eმთარგმნელი
_9599
700 _aხელაძე, შადიმან და სხვ.
_eრედაქტორი
_96553
942 _2udc
_cBK